000 01011cam a22002054a 4500
005 20250605164247.0
008 250528s ||||||||||||||||||||||||d
035 _a21567
040 _aGR-AtMCL
_bgre
_dGR-AtMCL
_eAACR2
245 1 _aΗ ΓΝΩΣΗ ΤΗΣ ΖΩΗΣ
250 _a1
260 _bΕπικουρος,
_c1978
300 _a165
505 0 _aΒΑΣΙΚΕΣ ΑΡΧΕΣ ΤΗΣ ΑΤΟΜΙΚΗΣ ΨΥΧΟΛΟΓΙΑΣ ΤΟ ΞΕΠΕΡΑΣΜΑ ΤΩΝ ΔΥΣΚΟΛΙΩΝ ΣΥΜΠΛΕΓΜΑ ΚΑΤΩΤΕΡΟΤΗΤΑΣ ΚΑΙ ΣΥΜΠΛΕΓΜΑ ΥΠΕΡΟΧΗΣ ΣΤΟ ΣΤΥΛ ΖΩΗΣ ΠΡΩΙΜΕΣ ΑΝΑΜΝΗΣΕΙΣ
520 _aΒΑΣΙΚΕΣ ΑΡΧΕΣ ΤΗΣ ΑΤΟΜΙΚΗΣ ΨΥΧΟΛΟΓΙΑΣ ΤΟ ΞΕΠΕΡΑΣΜΑ ΤΩΝ ΔΥΣΚΟΛΙΩΝ ΣΥΜΠΛΕΓΜΑ ΚΑΤΩΤΕΡΟΤΗΤΑΣ ΚΑΙ ΣΥΜΠΛΕΓΜΑ ΥΠΕΡΟΧΗΣ ΣΤΟ ΣΤΥΛ ΖΩΗΣ ΠΡΩΙΜΕΣ ΑΝΑΜΝΗΣΕΙΣ
700 1 _aAdler, Alfred
_94324
942 _cBK
999 _c6628
_d6628